| 000 | 00656nam a22002297a 4500 | ||
|---|---|---|---|
| 005 | 20170124110035.0 | ||
| 010 | _a434158 | ||
| 020 | _c00.00 | ||
| 035 | _a434158 | ||
| 037 | _bCen Lib/Ret | ||
| 040 |
_aDPL _bEN |
||
| 082 |
_a371 _bHAS |
||
| 100 |
_aHaskew, Laurence D. _922438 |
||
| 245 |
_aThis is teaching / _cby Laurence D Haskew |
||
| 260 |
_aU. S. A _bScott, Foresman and Company _c1956 |
||
| 300 |
_axv,335p. : _c24cm(Hb) _bill. |
||
| 490 | _aThe scott-foresman professional series | ||
| 500 | _aIncludes index | ||
| 650 |
_aTeaching _98075 |
||
| 650 |
_aEducation -- United States _916915 |
||
| 942 |
_2ddc _cEN _h371 _mHAS |
||
| 999 |
_c128113 _d128113 |
||